书目信息 |
| 题名: |
自然·科学·辩证法
|
|
| 作者: | ;东北师大自然辩证法研究室 | |
| 分册: | ||
| 出版信息: | 北京 科学出版社 1984.8 |
|
| 页数: | 305页 | |
| 开本: | 20cm | |
| 丛书名: | ||
| 单 册: | ||
| 中图分类: | N031 | |
| 科图分类: | ||
| 主题词: | 自然科学--科学方法论 | |
| 电子资源: | ||
| ISBN: | ||
| 000 | 00633nam0 2200193 45 | |
| 001 | 0312221749 | |
| 005 | 20060403094016.14 | |
| 010 | @dCNY1.25 | |
| 091 | @a13031.264 | |
| 100 | @a20031222d1984 km y0chiy0120 ea | |
| 101 | @achi | |
| 200 | 1 | @a自然·科学·辩证法@AZi Ran·Ke Xue·Bian Zheng Fa@f东北师大自然辩证法研究室编@FDong Bei Shi Da Zi Ran Bian Zheng Fa Yan Jiu Shi Bian |
| 210 | @a北京@c科学出版社@d1984.8 | |
| 215 | @a305页@d20cm | |
| 606 | 0 | @a自然科学@x科学方法论 |
| 690 | @aN031@v4 | |
| 711 | 02 | @a东北师大自然辩证法研究室@ADong Bei Shi Da Zi Ran Bian Zheng Fa Yan Jiu Shi |
| 801 | @aCN@bTSTCL@c20060403 | |
| 905 | @dN031@e20 | |
| 自然·科学·辩证法/东北师大自然辩证法研究室编.-北京:科学出版社,1984.8 |
| 305页;20cm |
| ISBN :CNY1.25 |
| ● |
| 相关链接 |
|
|
|
|
正题名:自然·科学·辩证法
索取号:N031/20
 
预约/预借
| 序号 | 登录号 | 条形码 | 馆藏地/架位号 | 状态 | 备注 |
| 1 | 0117617 | 000563330 | 第三借阅区/ [索取号:N031/20] | 在馆 | |
| 2 | 0117618 | 000563321 | 第三借阅区/ [索取号:N031/20] | 在馆 | |
| 3 | 0117619 | 000563688 | 第三借阅区/ [索取号:N031/20] | 在馆 | |
| 4 | 0117620 | 202162051 | 密集书库/ [索取号:N031/20] | 在馆 | |
| 5 | 0117621 | 202232306 | 密集书库/ [索取号:N031/20] | 在馆 | |
| 6 | 0117622 | 000563312 | 第三借阅区/ [索取号:N031/20] | 在馆 | |
| 7 | 0117624 | 202094385 | 第二样本阅览室/ [索取号:N031/20] | 在馆 |